<?xml version="1.0" encoding="UTF-8"?>
<record
    xmlns:xsi="http://www.w3.org/2001/XMLSchema-instance"
    xsi:schemaLocation="http://www.loc.gov/MARC21/slim http://www.loc.gov/standards/marcxml/schema/MARC21slim.xsd"
    xmlns="http://www.loc.gov/MARC21/slim">

  <leader>01398nam a2200301 a 4500</leader>
  <controlfield tag="001">BRCA_5182</controlfield>
  <controlfield tag="005">20190320204955.0</controlfield>
  <controlfield tag="008">241110s1827----mx-######v---#000-0#spa-#</controlfield>
  <datafield tag="041" ind1=" " ind2=" ">
    <subfield code="a">spa</subfield>
  </datafield>
  <datafield tag="044" ind1=" " ind2=" ">
    <subfield code="a">mx</subfield>
  </datafield>
  <datafield tag="084" ind1=" " ind2=" ">
    <subfield code="a">DOC141</subfield>
    <subfield code="b">.E83</subfield>
    <subfield code="c">1827</subfield>
  </datafield>
  <datafield tag="100" ind1="1" ind2=" ">
    <subfield code="a">Escobar, Luis</subfield>
    <subfield code="9">13253</subfield>
  </datafield>
  <datafield tag="245" ind1="1" ind2="0">
    <subfield code="a">Documento de Luis Escobar</subfield>
    <subfield code="c">Luis Escobar, Licenciado Don Agust&#xED;n P&#xE9;rez de Lebrija.</subfield>
  </datafield>
  <datafield tag="260" ind1=" " ind2=" ">
    <subfield code="a">M&#xE9;xico</subfield>
    <subfield code="c">1827</subfield>
  </datafield>
  <datafield tag="300" ind1=" " ind2=" ">
    <subfield code="a">[9] fojas</subfield>
    <subfield code="c">32 x 22 cm</subfield>
  </datafield>
  <datafield tag="500" ind1=" " ind2=" ">
    <subfield code="a">Documento expedido en 1827</subfield>
  </datafield>
  <datafield tag="500" ind1=" " ind2=" ">
    <subfield code="a">Petici&#xF3;n de Luis Escobar, preso en la c&#xE1;rcel al Lic. Don Agust&#xED;n P&#xE9;rez de Lebrija, Juez de primera instancia, se le condone su sentencia en virtud de encontrarse enfermo. Anexos certificados de los facultativos m&#xE9;dicos, negando dicho padecimiento</subfield>
  </datafield>
  <datafield tag="500" ind1=" " ind2=" ">
    <subfield code="a">El documento contiene la leyenda DOC. #309</subfield>
  </datafield>
  <datafield tag="500" ind1=" " ind2=" ">
    <subfield code="a">Papel con marca de agua</subfield>
  </datafield>
  <datafield tag="500" ind1=" " ind2=" ">
    <subfield code="a">Estado de conservaci&#xF3;n: contiene manchas de acidez, m&#xE1;rgenes maltratados, as&#xED; como manchas de tinta</subfield>
  </datafield>
  <datafield tag="506" ind1="0" ind2=" ">
    <subfield code="a">Fondo reservado: para su consulta es necesario credencial de usuario y carta de motivos</subfield>
  </datafield>
  <datafield tag="546" ind1=" " ind2=" ">
    <subfield code="a">Texto en: espa&#xF1;ol de principios del siglo XIX</subfield>
  </datafield>
  <datafield tag="600" ind1="1" ind2="4">
    <subfield code="a">Escobar, Luis</subfield>
    <subfield code="c">Preso</subfield>
    <subfield code="9">13254</subfield>
  </datafield>
  <datafield tag="650" ind1="1" ind2="4">
    <subfield code="a">Documentos legales</subfield>
    <subfield code="v">Impreso con r&#xFA;bricas</subfield>
    <subfield code="x">Historia</subfield>
    <subfield code="y">Federalismo y centralismo, 1824-1853</subfield>
    <subfield code="z">M&#xE9;xico</subfield>
    <subfield code="9">13255</subfield>
  </datafield>
  <datafield tag="700" ind1="1" ind2=" ">
    <subfield code="a">P&#xE9;rez de Lebrija, Agust&#xED;n</subfield>
    <subfield code="c">Juez</subfield>
    <subfield code="9">13256</subfield>
  </datafield>
  <datafield tag="902" ind1=" " ind2=" ">
    <subfield code="a">FDH</subfield>
  </datafield>
  <datafield tag="942" ind1=" " ind2=" ">
    <subfield code="2">lcc</subfield>
    <subfield code="c">D</subfield>
  </datafield>
  <datafield tag="999" ind1=" " ind2=" ">
    <subfield code="c">4876</subfield>
    <subfield code="d">4876</subfield>
  </datafield>
  <datafield tag="952" ind1=" " ind2=" ">
    <subfield code="0">0</subfield>
    <subfield code="1">0</subfield>
    <subfield code="4">0</subfield>
    <subfield code="7">0</subfield>
    <subfield code="a">BRCA</subfield>
    <subfield code="b">BRCA</subfield>
    <subfield code="d">2010-11-24</subfield>
    <subfield code="l">0</subfield>
    <subfield code="o">DOC141 .E83 1827</subfield>
    <subfield code="p">5600</subfield>
    <subfield code="r">2019-03-22 00:00:00</subfield>
    <subfield code="w">2019-03-22</subfield>
    <subfield code="y">D</subfield>
  </datafield>
</record>
